00504cam a22002057a 4500003000500000005001700005008004100022010000900063011000900072035000900081040000900090110000800099245006500107260002300172300001800195490002800213650001100241650001800252830002800270CHAP20220817040918.0971013s1990 r 00010 d a2585 a3557 a2758 cCHAP aFAO10aManual para el cultivo del bagre sudamericano (Rhamdia sapo) aRoma :bFAO,c1990 a60 p.b: ilus 0aFAO. RLAC /90/16-pes-2014aBagre.14aPiscicultura. 0aFAO. RLAC /90/16-pes-20